[Event "Corsica-chT"]
[Site "Ajaccio"]
[Date "2009.03.15"]
[Round "1.1"]
[White "Massoni, Michael"]
[Black "Barsive, Mickael"]
[Result "1-0"]
[WhiteElo "2244"]
[BlackElo "1660"]
[PlyCount "33"]
[EventDate "2009.03.15"]
[EventType "tourn"]
[EventRounds "9"]
[EventCountry "FRA"]
[SourceTitle "EXT 2010"]
[Source "ChessBase"]
[SourceDate "2010.11.25"]
[SourceVersion "1"]
[SourceVersionDate "2010.11.25"]
[SourceQuality "1"]
[WhiteTeam "Corsica CC"]
[BlackTeam "Ajaccien CC III"]
[WhiteTeamCountry "FRA"]
[BlackTeamCountry "FRA"]

1. e4 c5 2. Nf3 e6 3. c3 Nc6 4. d4 cxd4 5. cxd4 Nf6 6. Nc3 Bb4 7. Bd3 Qc7 8. 0-0 a6 9. Bd2 d6 10. Rc1 Qd8 11. a3 Ba5 12. Bg5 h6 13. Bxf6 Qxf6 14. d5 Ne5 15. Nxe5 dxe5 16. Qa4+ Bd7 17. Qxa5 1-0